Les artistes francophones les plus écoutés à l'international - Statistiques

Statistiques générales
  • Ce quiz a été pris 160 fois
  • Le résultat moyen est 8 sur 30
Statistiques - réponses
Hint Réponse % Correct
9 Aya Nakamura
80%
11 Jul
64%
1 David Guetta
54%
16 Ninho
54%
19 Angèle
50%
5 Gims
50%
21 Damso
45%
24 PNL
44%
2 DJ Snake
39%
6 Stromae
38%
23 SCH
36%
18 Niska
34%
29 Nekfeu
25%
10 Gazo
23%
27 Slimane
23%
13 Tiakola
22%
17 PLK
21%
25 Vianney
16%
26 Zola
16%
22 SDM
15%
8 Soolking
15%
20 Hamza
12%
30 Louane
11%
14 Werenoi
10%
15 Martin Solveig
9%
28 Djadja & Dinaz
6%
4 Kungs
6%
7 Bob Sinclair
5%
12 Jain
5%
3 Ofenbach
4%
Aucun quiz correspondant
Distribution des résultats
% des personnes avec chaque résultat
Percentile par nombre de réponses
Votre historique - résultats
Vous n’avez pas pris ce quiz